[Event "FIDE World Bl Team Final"]
[Site "London ENG"]
[Date "2025.06.15"]
[Round "1.2"]
[White "Sindarov, Javokhir"]
[Black "Makhnev, Denis"]
[Result "0-1"]
[WhiteTitle "GM"]
[BlackTitle "GM"]
[WhiteElo "2710"]
[BlackElo "2531"]
[WhiteTeam "C1 Uzbekistan"]
[BlackTeam "D4 Barys.kz"]
[WhiteFideId "14205483"]
[BlackFideId "13707647"]
[EventDate "2025.06.15"]
[EventType "team-k.o. (blitz)"]

1. e4 e5 2. Nf3 Nc6 3. Bc4 Bc5 4. Nc3 Nf6 5. d3 a6 6. Be3 d6 7. O-O Bxe3 8. fxe3
Na5 9. a4 Nxc4 10. dxc4 Be6 11. b3 a5 12. Qe1 h6 13. Rd1 Qe7 14. Kh1 c6 15. Nh4
g6 16. Qf2 Ng4 17. Qg3 Nxe3 18. Qxe3 Qxh4 19. Rxd6 O-O 20. c5 Rae8 21. Kg1 Kg7
22. Ne2 Bc8 23. Nc1 f5 24. exf5 Rxf5 25. Rxf5 Bxf5 26. Nd3 Re7 27. g3 Qh5 28.
Qe1 Qg5 29. c4 h5 30. Nf2 e4 31. Qc3+ Kh7 32. Rd8 Rg7 33. Re8 h4 34. Nxe4 Bxe4
35. Rxe4 hxg3 36. hxg3 Qf5 37. Qe3 Rd7 38. Rf4 Rd1+ 39. Kg2 Qd7 40. Rf2 Rd4 41.
Qe5 Rd2 42. Qf4 Rxf2+ 43. Kxf2 Kg7 44. Qd6 Qf5+ 45. Ke3 Qc2 46. Qe7+ Kh6 47.
Qh4+ Kg7 48. Qe7+ Kh6 49. Qxb7 Qc3+ 50. Ke4 Qxg3 51. b4 Qe1+ 52. Kd4 axb4 53. a5
Qc3+ 54. Ke4 b3 55. a6 b2 56. a7 Qxc4+ 57. Ke5 Qxc5+ 58. Kf6 Qf5+ 59. Ke7 b1=Q
60. Qxb1 Qxb1 61. a8=Q Qe4+ 62. Kf7 Qf3+ 63. Ke7 g5 64. Qh8+ Kg6 65. Qe8+ Kf5
66. Qd7+ Kf4 67. Kf6 g4 68. Qd6+ Ke3+ 69. Kg5 g3 70. Qc5+ Ke2 71. Kh4 g2 72.
Qc2+ Kf1 73. Qc1+ Kf2 74. Qd2+ Kg1 75. Qc1+ Qf1 76. Qxc6 Kh1 0-1

[Event "FIDE World Bl Team Final"]
[Site "London ENG"]
[Date "2025.06.15"]
[Round "1.2"]
[White "Mamedov, Edgar"]
[Black "Yakubboev, Nodirbek"]
[Result "1-0"]
[WhiteTitle "IM"]
[BlackTitle "GM"]
[WhiteElo "2509"]
[BlackElo "2659"]
[WhiteTeam "D4 Barys.kz"]
[BlackTeam "C1 Uzbekistan"]
[WhiteFideId "13739980"]
[BlackFideId "14203987"]
[EventDate "2025.06.15"]
[EventType "team-k.o. (blitz)"]

1. d4 Nf6 2. c4 e6 3. Nc3 d5 4. Nf3 c5 5. cxd5 cxd4 6. Qxd4 exd5 7. Bg5 Be7 8.
e3 O-O 9. Qa4 h6 10. Bh4 Qb6 11. Qb5 Qxb5 12. Bxb5 g5 13. Bg3 Nc6 14. Rd1 Be6
15. h4 g4 16. Ne5 Na5 17. Bf4 Kg7 18. h5 Rac8 19. f3 Nc4 20. Bxc4 dxc4 21. Nb5
gxf3 22. gxf3 Nd5 23. Nd4 c3 24. bxc3 Rxc3 25. Rg1+ Kh7 26. Ng6 Re8 27. Nxe6
fxe6 28. Rxd5 exd5 29. Kf2 Rc2+ 30. Kg3 Bg5 31. Rd1 Bxf4+ 32. exf4 Rd8 33. Re1
Rc7 34. f5 Kg7 35. Re6 d4 36. Ne5 d3 37. f6+ Kh7 38. f7 d2 39. Re8 Rxe8 40.
fxe8=Q d1=Q 41. Qg6+ Kh8 42. Qxh6+ Kg8 43. Qe6+ Kf8 44. Ng6+ Kg7 45. Qe5+ Kh6
46. Qxc7 Qe1+ 47. Kf4 Qd2+ 48. Ke5 Qe3+ 49. Kf6 Qg5+ 50. Ke6 Qxh5 51. Ne5 Qe8+
52. Qe7 Qc8+ 53. Qd7 Qg8+ 54. Kf5 Qf8+ 55. Qf7 Qc8+ 56. Qe6+ Qxe6+ 57. Kxe6 Kg5
58. Nd3 b5 59. f4+ Kg4 60. f5 1-0

[Event "FIDE World Bl Team Final"]
[Site "London ENG"]
[Date "2025.06.15"]
[Round "1.2"]
[White "Vokhidov, Shamsiddin"]
[Black "Agmanov, Zhandos"]
[Result "1-0"]
[WhiteTitle "GM"]
[BlackTitle "IM"]
[WhiteElo "2644"]
[BlackElo "2481"]
[WhiteTeam "C1 Uzbekistan"]
[BlackTeam "D4 Barys.kz"]
[WhiteFideId "14204223"]
[BlackFideId "13708309"]
[EventDate "2025.06.15"]
[EventType "team-k.o. (blitz)"]

1. e4 c5 2. Nf3 d6 3. d4 cxd4 4. Nxd4 Nf6 5. Nc3 a6 6. a4 Nc6 7. Nxc6 bxc6 8. a5
g6 9. Bc4 Bg7 10. O-O O-O 11. Be3 Be6 12. Bxe6 fxe6 13. Qd3 Qc8 14. h3 Nd7 15.
f4 Rb8 16. b3 c5 17. Ra4 Qc6 18. Rd1 Bxc3 19. Qxc3 Nf6 20. Qc4 Kf7 21. f5 gxf5
22. exf5 d5 23. Qxc5 Qxc5 24. fxe6+ Kxe6 25. Bxc5 Rbc8 26. Re1+ Ne4 27. b4 Kd7
28. c4 Nxc5 29. bxc5 Rf4 30. c6+ Ke8 31. Rb4 Rxc4 32. Rb7 Re4 33. Rxe4 dxe4 34.
Rb6 Kd8 35. Kf2 Kc7 36. Rxa6 Rg8 37. Ra7+ Kd6 38. Rd7+ Ke6 39. Rd2 Rc8 40. Rc2
Kd6 41. c7 e5 42. Ke3 Kd7 43. a6 1-0

[Event "FIDE World Bl Team Final"]
[Site "London ENG"]
[Date "2025.06.15"]
[Round "1.2"]
[White "Balabayeva, Xeniya"]
[Black "Khamdamova, Afruza"]
[Result "1-0"]
[WhiteTitle "WGM"]
[BlackTitle "WIM"]
[WhiteElo "2352"]
[BlackElo "2326"]
[WhiteTeam "D4 Barys.kz"]
[BlackTeam "C1 Uzbekistan"]
[WhiteFideId "13719688"]
[BlackFideId "14210444"]
[EventDate "2025.06.15"]
[EventType "team-k.o. (blitz)"]

1. d4 d5 2. c4 e6 3. Nc3 Be7 4. cxd5 exd5 5. Bf4 c6 6. e3 Bf5 7. Bd3 Bxd3 8.
Qxd3 Nf6 9. h3 O-O 10. Nf3 Nbd7 11. O-O Re8 12. Rab1 a5 13. Rfc1 Bf8 14. Ne5
Nxe5 15. Bxe5 Bd6 16. Bxd6 Qxd6 17. Na4 Ne4 18. Nc5 Re7 19. Nxe4 dxe4 20. Qe2 a4
21. Rc5 Re6 22. Rbc1 h6 23. Qc4 Rg6 24. d5 cxd5 25. Qxd5 Qxd5 26. Rxd5 Rb6 27.
Rc2 a3 28. b3 Raa6 29. Rd4 Rc6 30. Rcd2 Rc1+ 31. Kh2 Rac6 32. Rxe4 R1c2 33. Red4
Kh7 34. Kg3 Rg6+ 35. Kf3 Rf6+ 36. Ke2 Rc1 37. Ra4 Rg1 38. g3 Rh1 39. Rxa3 Rxh3
40. Ra4 g5 41. Kf1 Rh2 42. Kg1 Rh5 43. g4 Rh3 44. Kg2 Rhf3 45. Rb4 b6 46. Rxb6
Rxf2+ 47. Rxf2 Rxb6 48. Rxf7+ Kg6 49. Rf2 Rb4 50. Kf3 h5 51. gxh5+ 1-0

[Event "FIDE World Bl Team Final"]
[Site "London ENG"]
[Date "2025.06.15"]
[Round "1.2"]
[White "Imomkuzieva, Nilufarkhon"]
[Black "Nurakyn, Suleiman"]
[Result "1-0"]
[WhiteTitle "WFM"]
[WhiteElo "2066"]
[BlackElo "1773"]
[WhiteTeam "C1 Uzbekistan"]
[BlackTeam "D4 Barys.kz"]
[WhiteFideId "14216736"]
[BlackFideId "447003073"]
[EventDate "2025.06.15"]
[EventType "team-k.o. (blitz)"]

1. e4 c6 2. d4 d5 3. Nc3 dxe4 4. Nxe4 Bf5 5. Ng3 Bg6 6. h4 h6 7. Bf4 e6 8. Nf3
Nf6 9. Ne5 Bh7 10. Bd3 Bxd3 11. Qxd3 Be7 12. O-O-O Nbd7 13. Kb1 Nxe5 14. Bxe5
Qb6 15. Ne4 O-O-O 16. Nxf6 gxf6 17. Bg3 h5 18. Rhe1 Rd7 19. c3 Rhd8 20. Qf3 Rd5
21. Qf4 c5 22. Rc1 c4 23. Kc2 Qc6 24. Rcd1 Bd6 25. Qxf6 Rf5 26. Qh6 Qxg2 27.
Bxd6 Rxf2+ 28. Rd2 Rxd2+ 29. Qxd2 Qxd2+ 30. Kxd2 Rxd6 31. Re5 Rd5 32. Rxd5 exd5
33. Ke3 Kd7 34. Kf4 Ke6 35. Kg5 a6 36. Kxh5 Kf5 37. Kh6 Kg4 38. h5 f5 39. Kg6 f4
40. h6 f3 41. h7 f2 42. h8=Q f1=Q 43. Qc8+ Kh4 44. Qxb7 Qg2+ 45. Kf7 Qf3+ 46.
Ke6 Qg4+ 47. Kd6 Qf4+ 48. Kc5 Qf8+ 49. Kb6 Qd6+ 50. Ka7 a5 51. Qb6 Qd7+ 52. Ka6
a4 53. Qb4 Qc6+ 54. Ka5 Qa8+ 55. Kb5 Qb7+ 56. Kxa4 Qa6+ 57. Qa5 Qc6+ 58. Qb5
Qa8+ 59. Kb4 Qxa2 60. Qxd5 Qb3+ 61. Kc5 Qxb2 62. Qxc4 Qa3+ 63. Kd5 Qa5+ 64. Qc5
Qd8+ 65. Qd6 Qa5+ 66. Kc4 Qa4+ 67. Qb4 Qc6+ 68. Kb3 Qd5+ 69. Qc4 Qb7+ 70. Qb4
Qd5+ 71. Ka3 Qa8+ 72. Qa4 Qf8+ 73. Qb4 Qa8+ 74. Kb3 Qd5+ 75. c4 Qf3+ 76. Qc3
Qd1+ 77. Kb4 Qb1+ 78. Kc5 Kg4 79. d5 Qb8 80. d6 Qa7+ 81. Kd5 Qb7+ 82. Ke6 Qe4+
83. Kd7 Qb7+ 84. Ke6 Qe4+ 85. Kf7 Qf4+ 86. Qf6 Qxc4+ 87. Ke7 Qc5 88. Qe6+ Kf4
89. Ke8 Qc6+ 90. Qd7 Qa8+ 91. Qd8 Qe4+ 92. Qe7 Qa8+ 93. Kf7 Qd5+ 94. Qe6 Qh5+
95. Qg6 Qd5+ 96. Ke7 Qe5+ 97. Qe6 Qc5 98. Ke8 Qc6+ 99. Kf7 Kg5 100. d7 Qf3+ 101.
Ke8 Qa8+ 102. d8=Q+ 1-0

[Event "FIDE World Bl Team Final"]
[Site "London ENG"]
[Date "2025.06.15"]
[Round "1.2"]
[White "Mamedyarov, Shakhriyar"]
[Black "Erigaisi, Arjun"]
[Result "0-1"]
[WhiteTitle "GM"]
[BlackTitle "GM"]
[WhiteElo "2746"]
[BlackElo "2782"]
[WhiteTeam "C4 Generation XYZA"]
[BlackTeam "D1 Team MGD1"]
[WhiteFideId "13401319"]
[BlackFideId "35009192"]
[EventDate "2025.06.15"]
[EventType "team-k.o. (blitz)"]

1. Nf3 d5 2. b3 c5 3. Bb2 a6 4. e3 Nc6 5. d4 Nf6 6. Nbd2 Bg4 7. dxc5 e6 8. h3
Bh5 9. c4 Bxc5 10. cxd5 exd5 11. Be2 O-O 12. O-O Re8 13. Rc1 Ba7 14. Re1 Qe7 15.
Nf1 Rad8 16. Ng3 Bg6 17. Bxa6 Ne4 18. Nf1 Bh5 19. Be2 Bc5 20. Nd4 Bg6 21. Bb5
Rc8 22. Qf3 Ng5 23. Qxd5 Nb4 24. Qc4 Bd3 25. Nf5 Qf8 26. Bxg7 Bxc4 27. Bxf8 Bxb5
28. Rxc5 Rxc5 29. Bxc5 Nd3 30. Be7 Nxe1 31. Bxg5 Re5 32. g4 Nf3+ 33. Kg2 Nxg5
34. f4 Bc6+ 35. Kh2 Nf3+ 36. Kg3 Re6 0-1

[Event "FIDE World Bl Team Final"]
[Site "London ENG"]
[Date "2025.06.15"]
[Round "1.2"]
[White "Harikrishna, Pentala"]
[Black "Gurel, Ediz"]
[Result "0-1"]
[WhiteTitle "GM"]
[BlackTitle "GM"]
[WhiteElo "2707"]
[BlackElo "2636"]
[WhiteTeam "D1 Team MGD1"]
[BlackTeam "C4 Generation XYZA"]
[WhiteFideId "5007003"]
[BlackFideId "44507356"]
[EventDate "2025.06.15"]
[EventType "team-k.o. (blitz)"]

1. e4 c5 2. Nf3 e6 3. g3 Nc6 4. Bg2 Nf6 5. d3 d5 6. Qe2 Be7 7. a4 O-O 8. O-O b6
9. Na3 Bb7 10. e5 Nd7 11. c3 Na5 12. Bf4 Nb3 13. Rae1 Bc6 14. h4 Bxa4 15. Ng5 h6
16. Nh3 Qe8 17. Bxh6 gxh6 18. Qg4+ Kh7 19. Qxa4 Na5 20. c4 Rd8 21. cxd5 exd5 22.
Bxd5 Nf6 23. Be4+ Nxe4 24. Qxe4+ Kg7 25. Nf4 Rd4 26. Qf5 Nc6 27. Nb5 Rd8 28.
Nh5+ Kh8 29. Nd6 Qd7 30. Nxf7+ Rxf7 31. Qxf7 Qg4 32. Re4 Qg8 33. Qf4 Qg6 34. Nf6
Nd4 35. h5 Qg7 36. Kg2 Rf8 37. Qg4 Bxf6 38. exf6 Qxf6 39. Rf4 Qc6+ 40. Kh3 Rg8
41. Qh4 Rg5 42. Re1 Nf3 43. Rf8+ Kg7 44. Rxf3 Qxf3 45. Re4 Qh1# 0-1

[Event "FIDE World Bl Team Final"]
[Site "London ENG"]
[Date "2025.06.15"]
[Round "1.2"]
[White "Solak, Dragan"]
[Black "Pranav, V"]
[Result "0-1"]
[WhiteTitle "GM"]
[BlackTitle "GM"]
[WhiteElo "2591"]
[BlackElo "2595"]
[WhiteTeam "C4 Generation XYZA"]
[BlackTeam "D1 Team MGD1"]
[WhiteFideId "916811"]
[BlackFideId "25060783"]
[EventDate "2025.06.15"]
[EventType "team-k.o. (blitz)"]

1. e4 e5 2. Nf3 Nc6 3. Bb5 a6 4. Bxc6 dxc6 5. Nc3 f6 6. d4 exd4 7. Qxd4 Qxd4 8.
Nxd4 Bd7 9. h4 h5 10. f3 O-O-O 11. Kf2 Ne7 12. Nce2 Ng6 13. Nf4 Ne5 14. Nde6
Bxe6 15. Nxe6 Rd7 16. Be3 Bd6 17. Rad1 Nc4 18. b3 Nxe3 19. Kxe3 Re8 20. Nf4 f5
21. Nxh5 fxe4 22. f4 Rf7 23. f5 Bc5+ 24. Kf4 g6 25. Ng3 Bd6+ 26. Kg5 Bxg3 27.
fxg6 Rfe7 28. h5 e3 29. Rd3 Re5+ 30. Kg4 Bf2 31. h6 e2 32. g7 R5e6 33. Kf5 Rxh6
34. Rxh6 e1=Q 35. Rh8 Qe6+ 36. Kg5 Be3+ 37. Kh5 Qe5+ 38. Kg6 Rxh8 39. Rxe3 Qh5+
40. Kf6 Rh6+ 41. Ke7 Qg5+ 42. Kf7 Rf6+ 43. Kg8 Qxe3 0-1

[Event "FIDE World Bl Team Final"]
[Site "London ENG"]
[Date "2025.06.15"]
[Round "1.2"]
[White "Mendonca, Leon Luke"]
[Black "Erdogmus, Yagiz Kaan"]
[Result "0-1"]
[WhiteTitle "GM"]
[BlackTitle "GM"]
[WhiteElo "2603"]
[BlackElo "2626"]
[WhiteTeam "D1 Team MGD1"]
[BlackTeam "C4 Generation XYZA"]
[WhiteFideId "35028561"]
[BlackFideId "44599790"]
[EventDate "2025.06.15"]
[EventType "team-k.o. (blitz)"]

1. Nf3 d5 2. e3 Nf6 3. c4 e6 4. Nc3 b6 5. b3 Bb7 6. Bb2 Nbd7 7. cxd5 exd5 8. Rc1
a6 9. Ne2 g6 10. Ng3 Bd6 11. Bd3 Qe7 12. O-O O-O 13. Re1 c5 14. Bf1 b5 15. d3
Rfe8 16. Rc2 d4 17. Rc1 dxe3 18. Rxe3 Qf8 19. Rxe8 Rxe8 20. d4 cxd4 21. Bxd4 Bf4
22. Rc2 Qd6 23. Qa1 Bxf3 24. gxf3 Ne5 25. Be2 Qe6 26. Bd1 Qh3 27. Bxe5 Bxe5 28.
Qc1 Bxg3 29. fxg3 Re1+ 0-1

[Event "FIDE World Bl Team Final"]
[Site "London ENG"]
[Date "2025.06.15"]
[Round "1.2"]
[White "Salimova, Nurgyul"]
[Black "Tsolakidou, Stavroula"]
[Result "0-1"]
[WhiteTitle "IM"]
[BlackTitle "IM"]
[WhiteElo "2385"]
[BlackElo "2428"]
[WhiteTeam "C4 Generation XYZA"]
[BlackTeam "D1 Team MGD1"]
[WhiteFideId "2915138"]
[BlackFideId "4264312"]
[EventDate "2025.06.15"]
[EventType "team-k.o. (blitz)"]

1. d4 Nf6 2. Bg5 g6 3. Bxf6 exf6 4. e3 d5 5. Nf3 c6 6. Be2 Bd6 7. O-O Nd7 8. c4
dxc4 9. Bxc4 f5 10. Nc3 O-O 11. Rc1 Qe7 12. Re1 Nf6 13. h3 Kg7 14. a3 Bd7 15.
Qc2 Ne4 16. Bd3 Rae8 17. Nd2 Nxd2 18. Qxd2 Qh4 19. Bf1 h5 20. g3 Qd8 21. h4 g5
22. e4 gxh4 23. e5 Be7 24. Qe2 hxg3 25. fxg3 h4 26. Qf3 Be6 27. Ne2 Bg5 28. Rcd1
Rh8 29. d5 Qb6+ 30. Nd4 cxd5 31. g4 fxg4 32. Qd3 h3 33. Kh1 Rc8 34. Re2 Rc4 35.
b3 Rc7 36. a4 Qc5 37. Rc2 Qe7 38. Rf2 Bh4 39. Rf4 Bg5 40. Rf5 Rhc8 41. Be2 Rc3
42. Qb1 g3 43. Rg1 g2+ 44. Kh2 Bh4 45. Qd1 Bg3+ 46. Kxh3 Bxe5+ 47. Nf3 Bxf5+ 0-1

[Event "FIDE World Bl Team Final"]
[Site "London ENG"]
[Date "2025.06.15"]
[Round "1.2"]
[White "Atharvaa P Tayade"]
[Black "Yontar, Sabrican Onay"]
[Result "1-0"]
[WhiteElo "1956"]
[BlackElo "1941"]
[WhiteTeam "D1 Team MGD1"]
[BlackTeam "C4 Generation XYZA"]
[WhiteFideId "25042955"]
[BlackFideId "6373623"]
[EventDate "2025.06.15"]
[EventType "team-k.o. (blitz)"]

1. e4 e5 2. Nf3 Nc6 3. Bb5 Nd4 4. Nxd4 exd4 5. O-O Bc5 6. d3 c6 7. Bc4 d6 8. c3
Nf6 9. h3 h6 10. a4 a5 11. Nd2 dxc3 12. bxc3 O-O 13. d4 Ba7 14. Bd3 Nh7 15. Nc4
d5 16. Ne5 dxe4 17. Bxe4 Nf6 18. Bc2 Nd5 19. Qd3 f5 20. Ba3 Re8 21. Rae1 Be6 22.
Qf3 Qf6 23. Rb1 Rab8 24. Bd6 Rbd8 25. Rxb7 Bxd4 26. Nxc6 Rxd6 27. Nxd4 Bc8 28.
Rb8 Bd7 29. Rxe8+ Bxe8 30. Nxf5 Rd8 31. Rd1 Bg6 32. Rxd5 Rf8 33. g4 Qe6 34. Bb3
Kh7 35. Qe3 Qc6 36. Qe5 Qb7 37. Rb5 Qd7 38. Be6 Qd1+ 39. Kg2 Bxf5 40. Bxf5+ Kh8
41. Rb7 Rg8 42. Rb6 1-0

[Event "FIDE World Bl Team Final"]
[Site "London ENG"]
[Date "2025.06.15"]
[Round "1.2"]
[White "Nihal, Sarin"]
[Black "Martinez Alcantara, Jose Eduardo"]
[Result "1/2-1/2"]
[WhiteTitle "GM"]
[BlackTitle "GM"]
[WhiteElo "2696"]
[BlackElo "2611"]
[WhiteTeam "A2 Ashdod Elit Chess Club"]
[BlackTeam "B3 Theme International Trading"]
[WhiteFideId "25092340"]
[BlackFideId "3805662"]
[EventDate "2025.06.15"]
[EventType "team-k.o. (blitz)"]

1. d4 d5 2. Nf3 e6 3. c4 a6 4. e3 Nf6 5. Nc3 Nbd7 6. b3 b6 7. cxd5 exd5 8. Bb2
Bb7 9. Bd3 Bd6 10. O-O O-O 11. Rc1 Re8 12. Ne2 Ne4 13. Ng3 g6 14. Qc2 Qe7 15.
Rfe1 Rac8 16. Qe2 Ra8 17. Rc2 c6 18. Rec1 a5 19. a4 h5 20. Bxe4 dxe4 21. Nd2 Nf6
22. Nc4 h4 23. Nf1 Bc7 24. Ne5 Bxe5 25. dxe5 Nd7 26. Nd2 Nxe5 27. Bxe5 Qxe5 28.
Qg4 Qe7 29. Nc4 b5 30. axb5 cxb5 31. Nb6 Rab8 32. Rc7 Qe6 33. Qxe6 Rxe6 34. Nd7
Rd8 35. Rxb7 Rd6 36. h3 R8xd7 37. Rxb5 Rd1+ 38. Rxd1 Rxd1+ 39. Kh2 Rf1 40. Rxa5
Rxf2 41. b4 Rb2 42. b5 f5 43. Kg1 Kg7 44. Ra7+ Kh6 45. Rb7 Kg5 46. b6 f4 47. Re7
f3 48. gxf3 exf3 49. b7 Kf6 50. Re4 g5 51. Rd4 Rxb7 52. Kf2 Rb1 53. Kxf3 Rg1 54.
Rg4 Ra1 55. Kg2 Ra2+ 56. Kg1 Re2 57. Re4 Kf5 58. Re8 Rb2 59. Re7 Kf6 60. Re8 Ra2
61. Re4 Ra1+ 62. Kg2 Ra8 63. Rb4 Ra2+ 64. Kg1 Re2 65. Re4 1/2-1/2

[Event "FIDE World Bl Team Final"]
[Site "London ENG"]
[Date "2025.06.15"]
[Round "1.2"]
[White "Jumabayev, Rinat"]
[Black "Moiseenko, Alexander"]
[Result "1-0"]
[WhiteTitle "GM"]
[BlackTitle "GM"]
[WhiteElo "2546"]
[BlackElo "2568"]
[WhiteTeam "B3 Theme International Trading"]
[BlackTeam "A2 Ashdod Elit Chess Club"]
[WhiteFideId "13702661"]
[BlackFideId "14102560"]
[EventDate "2025.06.15"]
[EventType "team-k.o. (blitz)"]

1. Nf3 c5 2. c4 Nc6 3. d4 cxd4 4. Nxd4 Nf6 5. Nc3 e6 6. a3 Be7 7. e4 d6 8. Be2
O-O 9. Nf3 b6 10. O-O Bb7 11. Bf4 a6 12. Rc1 Rc8 13. h3 Re8 14. b4 Nb8 15. Qd3
d5 16. cxd5 exd5 17. e5 Ne4 18. Rfd1 Nxc3 19. Rxc3 Rxc3 20. Qxc3 Nd7 21. Nd4 Nf8
22. Bg4 Ng6 23. Bg3 Bh4 24. e6 Bxg3 25. Qxg3 fxe6 26. Bxe6+ Kh8 27. Bf7 Re4 28.
Bxg6 hxg6 29. Qxg6 Qe7 30. Qh5+ Kg8 31. Nf5 Re1+ 32. Kh2 Qc7+ 33. Ng3 Rxd1 34.
Qxd1 Qc3 35. Qg4 d4 36. Qe6+ Kh8 37. Qe8+ Kh7 38. Qh5+ Kg8 39. Qe8+ Kh7 40. Qd7
Qc6 41. Qxc6 Bxc6 42. Kg1 d3 43. Nf1 Kg6 44. f3 Kf5 45. Kf2 Kf4 46. g3+ Ke5 47.
Ke3 a5 48. Nd2 g5 49. Kxd3 axb4 50. axb4 Bd7 51. Nc4+ Kf6 52. Nxb6 Bxh3 53. Ke3
Ke5 54. Nc4+ Kd5 55. Nd2 Bd7 56. g4 Ba4 57. Ne4 Kc4 58. Nxg5 Kxb4 59. Ke4 Bc6+
60. Ke5 Kc5 61. f4 Ba4 62. Ne6+ Kc6 63. g5 Bd1 64. g6 Bh5 65. f5 Kd7 66. Nf4 Bd1
67. g7 Bb3 68. Nd5 1-0

[Event "FIDE World Bl Team Final"]
[Site "London ENG"]
[Date "2025.06.15"]
[Round "1.2"]
[White "Gledura, Benjamin"]
[Black "Le, Tuan Minh"]
[Result "0-1"]
[WhiteTitle "GM"]
[BlackTitle "GM"]
[WhiteElo "2668"]
[BlackElo "2598"]
[WhiteTeam "A2 Ashdod Elit Chess Club"]
[BlackTeam "B3 Theme International Trading"]
[WhiteFideId "712779"]
[BlackFideId "12401153"]
[EventDate "2025.06.15"]
[EventType "team-k.o. (blitz)"]

1. c4 c6 2. Nf3 d5 3. e3 Nf6 4. Nc3 e6 5. d4 a6 6. h3 Nbd7 7. Qc2 c5 8. cxd5
exd5 9. Be2 Bd6 10. O-O O-O 11. b3 cxd4 12. Nxd4 Ne5 13. Bb2 Re8 14. Rad1 Ng6
15. Nf3 Be6 16. Ng5 Rc8 17. Qb1 Qa5 18. Nxe6 fxe6 19. Rc1 Be5 20. Qa1 d4 21.
exd4 Bxd4 22. Na4 Rxc1 23. Qxc1 Bxb2 24. Qxb2 Nf4 25. Bf3 e5 26. Qc3 Qb5 27.
Qc4+ Qxc4 28. bxc4 e4 29. Bd1 Kf8 30. Bb3 Nd3 31. Bc2 Rc8 32. Bxd3 exd3 33. Nb2
Ne4 34. Rd1 Nc5 35. Nxd3 Nxd3 36. Rxd3 Rxc4 37. f3 Ke7 38. Kh2 b5 39. a3 a5 40.
Kg3 b4 41. axb4 axb4 42. Rd5 Ke6 43. Rb5 Kd6 44. Kf2 Kc6 45. Rb8 Kc5 46. Ke3
Rc3+ 47. Kd2 Ra3 48. Rb7 Ra2+ 49. Kd3 Rxg2 50. Rc7+ Kd5 51. Rb7 Kc5 52. Rc7+ Kb5
53. Rb7+ Ka4 54. Kc4 Rc2+ 55. Kd3 Rc3+ 56. Kd2 Rxf3 57. Rxg7 Rxh3 58. Kc2 Rh2+
59. Kb1 Ka3 60. Rg3+ b3 61. Rg1 h5 62. Rf1 h4 63. Rg1 h3 0-1

[Event "FIDE World Bl Team Final"]
[Site "London ENG"]
[Date "2025.06.15"]
[Round "1.2"]
[White "Tin, Jingyao"]
[Black "Eljanov, Pavel"]
[Result "1-0"]
[WhiteTitle "GM"]
[BlackTitle "GM"]
[WhiteElo "2583"]
[BlackElo "2669"]
[WhiteTeam "B3 Theme International Trading"]
[BlackTeam "A2 Ashdod Elit Chess Club"]
[WhiteFideId "5804418"]
[BlackFideId "14102951"]
[EventDate "2025.06.15"]
[EventType "team-k.o. (blitz)"]

1. d4 d5 2. c4 e6 3. Nc3 Nf6 4. cxd5 exd5 5. Bg5 c6 6. e3 Be7 7. Bd3 Nbd7 8. h3
Nf8 9. Bf4 Ne6 10. Bh2 O-O 11. Nf3 g6 12. Qc2 Ng7 13. g4 a5 14. O-O-O a4 15. Kb1
a3 16. b3 Bb4 17. Ne5 Nd7 18. h4 Nxe5 19. Bxe5 Bxg4 20. Rdg1 Bh5 21. Ne2 Bd6 22.
Bxd6 Qxd6 23. Nf4 Kh8 24. Rg5 Rac8 25. Rhg1 Rc7 26. Be2 Bxe2 27. Qxe2 Ne6 28.
Nxe6 Qxe6 29. h5 c5 30. hxg6 fxg6 31. dxc5 Rxc5 32. Qd2 Qf6 33. R5g4 Qxf2 34.
Qd4+ Qf6 35. Rf4 Rc6 36. Rxf6 Rcxf6 37. Rf1 Kg7 38. Rxf6 Rxf6 39. Qxd5 h5 40.
Qxb7+ Rf7 41. Qe4 g5 42. b4 g4 43. b5 Rf1+ 44. Kc2 Rf2+ 45. Kb3 Kh6 46. Qe6+ Kg5
47. Qe7+ Kg6 48. Qe6+ Rf6 49. Qg8+ Kh6 50. e4 Rg6 51. Qf8+ Kg5 52. Qf5+ Kh6 53.
Qf4+ Kg7 54. Qg3 h4 55. Qxh4 g3 56. Qe7+ Kh6 57. Qh4+ Kg7 58. Qh1 g2 59. Qg1 Kf7
60. Kxa3 Ke6 61. Kb4 Ke5 62. a4 Kf4 63. b6 Kf3 64. b7 Rg8 65. a5 Rh8 66. a6 Rh1
67. Qxg2+ Kxg2 68. Kc5 1-0

[Event "FIDE World Bl Team Final"]
[Site "London ENG"]
[Date "2025.06.15"]
[Round "1.2"]
[White "Osmak, Yuliia"]
[Black "Gong, Qianyun"]
[Result "0-1"]
[WhiteTitle "IM"]
[BlackTitle "WGM"]
[WhiteElo "2468"]
[BlackElo "2228"]
[WhiteTeam "A2 Ashdod Elit Chess Club"]
[BlackTeam "B3 Theme International Trading"]
[WhiteFideId "14101602"]
[BlackFideId "8602425"]
[EventDate "2025.06.15"]
[EventType "team-k.o. (blitz)"]

1. e4 e6 2. d4 d5 3. exd5 exd5 4. Nf3 Nc6 5. Bd3 Bd6 6. O-O Nge7 7. c3 Bg4 8.
Nbd2 Qd7 9. Re1 f6 10. b4 a6 11. a4 O-O 12. Nf1 Ng6 13. Ne3 Be6 14. Qc2 Nce7 15.
Bd2 c6 16. g3 Rfe8 17. Rab1 b5 18. Ra1 Bh3 19. Ra2 Nf8 20. Rea1 Rac8 21. axb5
axb5 22. Ra7 Bc7 23. Ng2 Neg6 24. Nf4 Nxf4 25. Bxf4 Qg4 26. Bxc7 Qxf3 27. Bf1
Bf5 28. Qd1 Qxc3 29. Bd6 Ne6 30. Bc5 Nxc5 31. bxc5 Re4 32. Qh5 Bg6 33. Qh3 Rce8
34. Qd7 R4e7 35. Qxc6 Qxd4 36. Qxb5 h5 37. Rxe7 Rxe7 38. Ra8+ Kh7 39. Qb8 Re8
40. Qa7 Re1 41. Qb8 Rxf1+ 42. Kxf1 Qd1+ 43. Kg2 Be4+ 44. Kh3 Qg4# 0-1

[Event "FIDE World Bl Team Final"]
[Site "London ENG"]
[Date "2025.06.15"]
[Round "1.2"]
[White "Zhang, Changjie"]
[Black "Sailaubay, Aldiyar"]
[Result "0-1"]
[WhiteElo "1808"]
[BlackElo "1910"]
[WhiteTeam "B3 Theme International Trading"]
[BlackTeam "A2 Ashdod Elit Chess Club"]
[WhiteFideId "5801877"]
[BlackFideId "13729357"]
[EventDate "2025.06.15"]
[EventType "team-k.o. (blitz)"]

1. e4 c5 2. Nc3 Nc6 3. Bb5 e6 4. f4 Nge7 5. Nf3 g6 6. O-O Bg7 7. Bxc6 Nxc6 8. d3
O-O 9. Qe1 a6 10. Kh1 b5 11. Ne2 Bb7 12. c3 d6 13. Ng5 h6 14. Nf3 f5 15. Qg3 Qe8
16. Nh4 Ne7 17. Be3 fxe4 18. dxe4 Bxe4 19. Rad1 Rd8 20. Bc1 Nf5 21. Nxf5 Bxf5
22. Qf3 e5 23. Qb7 exf4 24. Nxf4 Be4 25. Qxa6 g5 26. Nh3 Qe6 27. Rxf8+ Rxf8 28.
Qxd6 Qxh3 29. Qb6 Qxg2# 0-1